Quizzes
Events
Quiz Creation
Community
Videos
Private Events
Remove Ads
Sign In
Join for FREE
Feedback
Dark Mode
Quiz Categories
Sports
Geography
Music
Movies
Television
Just For Fun
Miscellaneous
History
Literature
Language
Science
Gaming
Entertainment
Religion
Holiday
For Kids
Quiz Lab
Recent
Popular Today
Quiz Kudos Today
Editor Picks
Curator Picks
Quizzes by...
Day
Popularity
Type
Ratings
Length
Year
Community
Subscriptions
Recent Discussions
Orange Saloon
Badges
Playlists
Quests
Create
Leaderboards
Showdown
Live 5
Trivia Bingo
Activity
Puzzle Library
Sporcle Events
Private Events
Virtual Trivia
Globe League
Become a Host
Pub Owners
SporcleCon
Opinionation
Our Games
Videos
Blog
Mobile Apps
Partnerships
Remove Ads and Go Orange
Feedback
Television
TV Characters
TV Show
Sitcom
Network
Friends
Reality Shows
Cast
South Park
Star Trek
The Simpsons
Doctor Who
Television
TV Characters
TV Show
Sitcom
Network
Friends
Reality Shows
Cast
South Park
Star Trek
The Simpsons
Doctor Who
Random Quiz
Search Sporcle
×
Quiz Lab
Quiz Lab
Television
TV Show
Select answers by clicking on text or image buttons
Select answers by clicking on text or image buttons
Clickable
Best Score? Go Orange.
Amazing Race U.S. States (Clickable) Stats
Can you pick the U.S. states visited by 'The Amazing Race'?
By
rychu_supadude
7m
26 Questions
1,092 Plays
1,092 Plays
1,092 Plays
Comments
Comments
Give Quiz Kudos
Give Quiz Kudos
-
- Ratings
hide this ad
More Info
Replay
Link that replays current quiz
Next Quiz
Link to next quiz in quiz playlist
You Got
0%
They Got
Avg Score
63%
Avg Friend Score
Upgrade to see
Score Distribution
Jump to the score distribution portion of the page
Score
0/26
Timer
07:00
0
Plays Today
% Correct
California
95.2%
New York
88.6%
Florida
87.6%
Hawaii
87.6%
Alaska
87.3%
Texas
80.9%
Arizona
78.5%
Colorado
77%
Illinois
75.9%
Massachusetts
75.8%
Washington
75%
Pennsylvania
74.1%
Georgia
70.9%
% Correct
Nevada
68.1%
Louisiana
67%
New Jersey
65.6%
Virginia
58.7%
Oregon
54.8%
Alabama
52.1%
Utah
52%
Michigan
48.4%
South Carolina
45%
Mississippi
42.6%
Wyoming
39.8%
Montana
39.4%
Tennessee
36.4%
Quiz Playlist
Details
Report
Send in Message
Add To Playlist
More Info:
Season 8 (Family Edition) destinations are included.
Clickable:
Select answers by clicking on text or image buttons
Last Updated: Feb 16, 2017
Quiz Scoreboard
CHALLENGE
Sign Up to Join the Scoreboard
Show All
Scores
Hide
Comments
May contain spoilers
Recently Published
Alphabetical 'K' Countries by Flag Minefield
by ylime102
Geography
3m
Pick 6: Fruits
by JohnFran
Miscellaneous
15s
Click the 1999 NBA Draft
by nibperrychub
Sports
2m
More to Explore
Quiz From the Vault
Featured Blog Post
15 Basketball Trivia Facts You Can Be March Mad About
hide this ad
You Might Also Like...
Tags
Clickable Quiz
Reality Shows Quiz
TV Show Quiz
United States Quiz
Amazing Race
cbs
primetime
Travel
Today's Top Quizzes in Television
Browse Television
hide this ad
Today's Top Quizzes in TV Show
Browse TV Show
Top Contributed Quizzes in Television
1
Hidden Simpsons Character
2
First Name TV: Leading Men
3
Hidden Simpsons Character XXIV
4
First Name TV: Leading Women Drama
5
Pick A Pair: Religious TV
6
Hidden Simpsons Character XXV
7
Demon Slayer Impossible Quiz
8
Hidden Simpsons Character XXVI
9
One Piece Logic Puzzle
10
I See Dead People
Explore More
Trending Topics
Kpop
Harry Potter
Anime
NBA
Disney
Marvel
Crossword
Pokémon
Country
The Office
NFL
WWE
Song
Soccer
Puzzle
hide this ad
More By:
rychu_supadude
Quiz
Plays
Rating
Category
Featured
Created
US Presidents on The Simpsons
38,299
4.76
Television
Mar 28, 2013
Mamma Mia! Songs
3,768
4.67
Music
Apr 1, 2013
FIFA World Cup Droughts
3,195
4.60
Sports
Mar 27, 2013
IGN's Top 100 Nintendo Characters
1,970
4.44
Gaming
Apr 2, 2013
Fictional Dogs by Funko Pop! Figure
1,886
4.86
Entertainment
Feb 19, 2018
Go to Creator's Profile
Score Distribution
Quiz Creator Spotlight
rychu_supadude
Follow
Send a Message
Quizzes Created
-
Created Quiz Play Count
-
More By This Creator
Popular Quizzes Today
1
Countries of Asia Without Outlines Minefield
2
Find the US States - No Outlines Minefield
3
Pick 6: Fruits
4
Alphabetical 'K' Countries by Flag Minefield
5
The Countries of the World
6
Find the US States
7
US States
8
Match the Book to the Film X
More Television Quizzes
Speed TV: Pick An Addams
Quiz Lab
Trending Quizzes
Pick 6: Mountains
Pick 6: Harry Potter
Pick 6: NFL Teams
Pick 6: Movie Franchises
Pick 6: Golfers
Recently Updated
NWSL Teams
pecheneg
Women's Final Four Teams by Year
bhenderson79
Presidents Quartet II
eogle
Anything But Clue(do)
eogle
Anything But Oceanian Capitals
eogle
Anything But 7
eogle
Anything But Thing
eogle
Word Ladder: February 29
pecheneg
Song Title Questions
pecheneg
Women's NCAA Tournament #1 Seeds
pecheneg
Trending Topics
NBA
Kpop
Anime
Disney
Crossword
Harry Potter
Marvel
The Office
Country
NFL
Puzzle
WWE
Song
Pokémon
Soccer
Your Account Isn't Verified!
In order to create a playlist on Sporcle, you need to verify the email address you used during registration. Go to your
Sporcle Settings
to finish the process.
Report this User
Report this user for behavior that violates our
Community Guidelines
.
Details:
Send Report
Go to the Sporcle.com Mobile Site →
Comments